Improving comprehension with think-aloud strategies
Na minha lista:
| Autor principal: | |
|---|---|
| Formato: | Livro |
| Idioma: | inglês |
| Publicado em: |
Nueva York
Scholastic Professional Books
2001
|
| Assuntos: | |
| Tags: |
Adicionar Tag
Sem tags, seja o primeiro a adicionar uma tag!
|
MARC
| LEADER | 00000nam a2200000 a 4500 | ||
|---|---|---|---|
| 001 | UCL5828 | ||
| 003 | CL-VaPUC | ||
| 008 | 040319e20010000US |||||||||||||||||eng|d | ||
| 020 | |a 0439218594 | ||
| 082 | 0 | 4 | |a 372.47 |b WIL |2 21 |
| 100 | 0 | |a Wilhelm, Jeffrey D |e author |9 483519 | |
| 245 | 1 | 0 | |a Improving comprehension with think-aloud strategies |
| 300 | |a 176 p | ||
| 942 | |c BK | ||
| 945 | |d 20040319 00:00:00 |a cmena | ||
| 260 | |a Nueva York |b Scholastic Professional Books |c 2001 | ||
| 650 | 0 | |a Comprensión de lectura |9 307588 | |
| 650 | 0 | |a Educación básica |9 224933 | |
| 650 | 0 | |a Educación lingüística |9 306506 | |
| 650 | 0 | |a Métodos de enseñanza |9 270413 | |
| 650 | 0 | |a Psicolingüística |9 283371 | |
| 583 | |a last modification |c 20040319 00:00:00 |k Rodrigo Vera | ||
| 999 | |c 308213 |d 308211 | ||
| 952 | |0 0 |1 0 |4 0 |6 372_470000000000000_WIL_2001 |7 0 |8 A |9 374545 |a FDOPOS |b FDOPOS |d 2019-11-21 |i 3988473 |o 372.47 WIL 2001 |p 3988473 |r 2025-01-22 |w 2019-11-21 |y BK |k MLA | ||
| 952 | |0 0 |1 0 |4 0 |6 372_470000000000000_WIL_2001 |7 0 |8 A |9 374546 |a FDOPOS |b FDOPOS |d 2019-11-21 |i 4091353 |o 372.47 WIL 2001 |p 4091353 |r 2025-01-22 |w 2019-11-21 |y BK |k MLA | ||